Piloti Vincitori dei Gran Premi di Formula 1 2023 - Statistics

Statistiche generali
  • Questo quiz è stato fatto 144 volte
  • Il punteggio medio è 22 su 22
Statistiche sulle risposte
Gran Premio Vincitore % Corretto
Gran Premio del Bahrein Max Verstappen
100%
Gran Premio d'Australia Max Verstappen
100%
Gran Premio di Miami Max Verstappen
100%
Gran Premio di Monaco Max Verstappen
100%
Gran Premio di Spagna Max Verstappen
100%
Gran Premio del Canada Max Verstappen
100%
Gran Premio d'Austria Max Verstappen
100%
Gran Premio di Gran Bretagna Max Verstappen
100%
Gran Premio d'Ungheria Max Verstappen
100%
Gran Premio del Belgio Max Verstappen
100%
Gran Premio d'Olanda Max Verstappen
100%
Gran Premio d'Italia Max Verstappen
100%
Gran Premio del Giappone Max Verstappen
100%
Gran Premio del Qatar Max Verstappen
100%
Gran Premio degli Stati Uniti Max Verstappen
100%
Gran Premio di Città del Messico Max Verstappen
100%
Gran Premio di San Paolo Max Verstappen
100%
Gran Premio di Las Vegas Max Verstappen
100%
Gran Premio di Abu Dhabi Max Verstappen
100%
Gran Premio di Singapore Carlos Sainz
98%
Gran Premio d'Arabia Saudita Sergio Pérez
95%
Gran Premio d'Azerbaigian Sergio Pérez
95%
Nessun quiz corrispondente trovato
Distribuzione punteggi
Percentuale di utenti per punteggio
Percentile per numero di risposta
I tuoi punteggi nel tempo
Non hai fatto questo quiz